000 00986nam a2200193Ia 4500
003 IN-BaIIA
008 211028s9999 xx 000 0 eng d
040 _cIIA Library
080 _a083:53
_bNBS
100 _aMoore, C. E.
_94839
245 0 _aAtomic energy levels as derived from the analysis of optical spectra
_bvol. III, the spectra of molybdenum, technetium, ruthenium, rhodium, palladium, silver, cadmium, indium, tin, antimony, tellurium, iodine, xenon, cesium, barium, lanthanum, hafnium, tantalum, tungsten, rhenium, osmium, iridium, platinum, gold mercury, thallium, lead, bismuth, polonium, radon and radium and actinium
_cC. E. Moore
260 _aWashington
_bU. S. Government Printing Office
_c1958
300 _axxxviii, 245p.
490 _aCircular of the national bureau of standards; 467
650 _aAtomic energy levels
_94840
650 _aOptical spectra
_94841
650 _aSpectra of atoms
_94842
942 _cBK
999 _c2702
_d2702